| 000 | 00334nam a22001217a 4500 | ||
|---|---|---|---|
| 008 | 181123b xxu||||| |||| 00| 0 eng d | ||
| 041 | _aeng | ||
| 080 | _a043.3 | ||
| 100 | _a0 | ||
| 101 | _aBTH-MBE | ||
| 245 |
_aEfekti i Borxhit te Jashtem dhe te Brendshem ne Ekonomine e Kosoves ne Periudhen 2010/ 2017 _cGashi, A |
||
| 942 |
_2udc _cBK |
||
| 999 |
_c52462 _d52462 |
||